Metazoan parasite of lambari Astyanax altiparanae, collected from the Peixe river, São Paulo, southeast of Brazil (Registro n. 300687)
[ somente texto ]
| 000 -LÍDER | |
|---|---|
| fixed length control field | 03483nab a2200301 i 4500 |
| 003 - CÓDIGO MARC DA AGÊNCIA CATALOGADORA | |
| Campo de controle | BR-BrBNA |
| 005 - DATA E HORA DA ÚLTIMA ATUALIZAÇÃO | |
| Campo de controle | 20240729125350.0 |
| 008 - CAMPO DE TAMANHO FIXO | |
| fixed length control field | 240729b2016 bl.mr|pooa||| 00| 0 eng | |
| 040 ## - FONTE DA CATALOGAÇÃO | |
| Agência catalogadora | BR-BrBNA |
| Idioma da catalogação | eng |
| 072 ## - CATEGORIA AGRIS | |
| Código AGRIS | L73 |
| 100 ## - ENTRADA PRINCIPAL - NOME PESSOAL | |
| Nome pessoal | Camargo, Aline de Almeida |
| 100 ## - ENTRADA PRINCIPAL - NOME PESSOAL | |
| Nome pessoal | Negrelli, Débora Caroline |
| 100 ## - ENTRADA PRINCIPAL - NOME PESSOAL | |
| Nome pessoal | Pedro, Natacha Heloísa Olavo |
| 100 ## - ENTRADA PRINCIPAL - NOME PESSOAL | |
| Nome pessoal | Azevedo, Rodney Kozlowiski de |
| 100 ## - ENTRADA PRINCIPAL - NOME PESSOAL | |
| Nome pessoal | Silva, Reinaldo José da |
| 100 ## - ENTRADA PRINCIPAL - NOME PESSOAL | |
| Nome pessoal | Abdallah, Vanessa Doro |
| 245 ## - TÍTULO PRINCIPAL | |
| Título principal | Metazoan parasite of lambari Astyanax altiparanae, collected from the Peixe river, São Paulo, southeast of Brazil |
| 500 ## - NOTA GERAL | |
| Nota geral | Publicação on-line; 23 ref.; 3 tables; Sumaries (En, Pt) |
| 942 ## - ADDED ENTRY ELEMENTS (KOHA) | |
| Koha item type | |
| 520 ## - NOTA DE RESUMO | |
| Nota de conteúdo | <br/><br/>ABSTRACT - In March 2010, 44 specimens of Astyanax altiparanae Garutti & Britski, 2000, commonly known as “lambari do rabo amarelo”, collected from the Peixe river in the state of São Paulo, Brazil were analyzed. Out of these 44 fishes, 38 had at least one species of metazoan parasite. Fifteen metazoan parasites species were collected and identified: Urocleidoides trinidadensis, Diaphorocleidus kabatai, Diaphorocleidus orthodusus, Diaphorocleidus sp., Urocleidoides sp., Trinibaculum altiparanae, Gyrodactylus sp., Jainus hexops, Contracaecum sp., Procamallanus (Spirocamallanus) inopinatus, Vaigamus sp., Amplexibranchius bryconis, Ergasilus sp., Zonocotyloides haroltravassossi and Henneguya sp. Six species of parasites presented a prevalence of over 10%. Weight and length of fishes didn’t influence the parasitism. All parasites presented an aggregated distribution. The parasite community of Astyanax altiparanae from the Peixe river was characterized as having high richness and low uniformity. <br/><br/>Key words: Astyanax altiparanae, lambari, Peixe river, parasite, Brazil |
| 520 ## - NOTA DE RESUMO | |
| Nota de conteúdo | <br/><br/>RESUMO - Em março de 2010, foram coletados e analisados 44 espécimes de Astyanax altiparanae Garutti & Britski, 2000, conhecidos popularmente como lambari do rabo amarelo, provenientes do rio do Peixe, Estado de São Paulo, Brasil. Dos 44 peixes analisados, 38 estavam parasitados por pelo menos uma espécie de metazoário parasito. Quinze espécies de metazoários parasitos foram coletadas e identificadas: Urocleidoides trinidadensis, Diaphorocleidus kabatai, Diaphorocleidus orthodusus, Diaphorocleidus sp., Urocleidoides sp., Trinibaculum altiparanae, Gyrodactylus sp., Jainus hexops, Contracaecum sp., Procamallanus (Spirocamallanus) inopinatus, Vaigamus sp., Amplexibranchius bryconis, Ergasilus sp., Zonocotyloides haroltravassossi e Henneguya sp. Os parasitos D. kabatai, U. rinidadensis, J. hexops, P. (S.) inopinatus e Vaigamus sp. apresentaram prevalências superiores a 10%. O peso e o comprimento dos peixes não influenciaram no parasitismo. Todos os parasitos apresentaram distribuição agregada. A comunidade parasitária de Astyanax altiparanae proveniente do rio do Peixe foi caracterizada por alta riqueza e baixa uniformidade.<br/><br/>Palavras-chave: Astyanax altiparanae, lambari, rio do Peixe, parasitos, Brasil. |
| 650 ## - ASSUNTO - THESAGRO | |
| Cabeçalho tópico ou nome geográfico | LAMBARI |
| 650 ## - ASSUNTO - THESAGRO | |
| Cabeçalho tópico ou nome geográfico | RIO |
| 650 ## - ASSUNTO - THESAGRO | |
| Cabeçalho tópico ou nome geográfico | PARASITA |
| 773 0# - ENTRADA ANALÍTICA | |
| Host Biblionumber | 2408 |
| Registro do item | 314927 |
| Imprenta | Santa Maria-RS Universidade Federal de Santa Maria - Centro de Ciências Rurais 1991 |
| Outro identificador | 2024-1178 |
| Título | Ciência Rural (Brazil) |
| ISSN | 0103-8478 |
| Colação | v. 46(5) p.876-880; (2016) |
| Número de controle de registro | BR2024001311 |
| 856 ## - ACESSO E ENDEREÇO ELETRÔNICO | |
| Identificador uniforme de recurso - URI | https://www.scielo.br/j/cr/a/hMpwGXNMvj4fmgQQkVX5crr/?format=pdf&lang=en |
Nenhum exemplar disponível.

BINAGRI